Geometría descriptiva

Bibliographic Details
Main Authors: Marín, A., Antón, R, Domenech, J
Format: Section = Libro
Language:Undetermined
Spanish
Published: La Habana Pueblo y Educación 1977
Subjects:
LEADER 00482nam a2200193Ia 4500
008 240829s9999 xx 000 0 und d
040 |a BIBLIOTECA-RUSB/ 516.6 M337 
041 |a spa 
082 |a 516.6 M337 
100 1 |a Marín, A. 
100 1 |b  Antón, R 
100 1 |c  Domenech, J 
245 1 0 |a Geometría descriptiva 
260 |a La Habana  |b Pueblo y Educación  |c 1977 
300 |a 394 p. :il. 
650 7 |a GEOMETRIA DESCRIPTIVA 
942 |c BK  |2 ddc 
991 |a TEXTO 
999 |c 1829